000 00544nmm a2200157Ia 4500
008 251105s9999||||xx |||||||||||||||||und||
020 _a9789972428944
041 _aspa
100 _aNeves Mujica, Javier
245 0 _aPensiones. Reforma y jurisprudencia :
_b El D.L. 20530 y la jurisprudencia del Tribunal Constitucional
264 _a[Lima, Peru] :
_bPontificia Universidad Católica de Perú,
_c2009
300 _a120 páginas
650 _aEconomics and Business
856 _uhttps://public.digitaliapublishing.com/a/9807
942 _cCF
999 _c97899
_d97899